Flora : enciclopedia salvat de la jardinería :
Guardado en:
| Formato: | Libro |
|---|---|
| Publicado: |
Barcelona :
Salvat
|
| Materias: | |
| Etiquetas: |
Agregar Etiqueta
Sin Etiquetas, Sea el primero en etiquetar este registro!
|
| LEADER | 00815nam a22001935a 4500 | ||
|---|---|---|---|
| 001 | CEM.cems017398 | ||
| 005 | 20130320154830.0 | ||
| 008 | 130507b######################000#0#####d | ||
| 003 | CEMS | ||
| 020 | |a 8434537893 | ||
| 082 | 0 | 4 | |a 635.9 |
| 245 | 0 | 0 | |a Flora : |b enciclopedia salvat de la jardinería : |
| 260 | |a Barcelona : |b Salvat | ||
| 300 | |a 300 p. | ||
| 500 | |a Obra compuesta por 13 tomos Corresponde al tomo 3 | ||
| 505 | 0 | |a Plantas para flor cortada -- Obtención de nuevas variedades -- Productores de plantas libres de virus -- Terrenos para cultivos de flor cortada -- Invernaderos y cobertizos para flor cortada -- Cuidados y características de plantas de flor cortada | |
| 653 | |a Plantas para flor cortada | ||
| 653 | |a Invernaderos | ||
| 859 | |a CEMS |b BIB. CEMS - Agricultura |h 635.9 |i F661 |p A1150.10 |t Ej.1 |v III |3 III | ||
